[Event "Temuco op 2nd"]
[Site "Temuco"]
[Date "2025.01.11"]
[Round "2"]
[White "Lagos Inostroza, Andres Ignacio"]
[Black "Gomez Barrera, Javiera Belen"]
[Result "0-1"]
[WhiteElo "1884"]
[BlackElo "2254"]
[PlyCount "76"]
[EventDate "2025.01.10"]
[EventType "swiss"]
[EventRounds "9"]
[EventCountry "CHI"]
[SourceTitle "CB04_2025"]
[SourceDate "2025.01.22"]
[SourceVersion "1"]
[SourceVersionDate "2025.01.22"]
[SourceQuality "1"]

1. e4 e5 2. Nf3 Nc6 3. Bc4 Nf6 4. d3 Bc5 5. c3 d6 6. b4 Bb6 7. a4 a5 8. b5 Ne7 9. Nbd2 Ng6 10. 0-0 0-0 11. d4 Bg4 12. Qc2 Qc8 13. Re1 c6 14. dxe5 dxe5 15. Ba3 cxb5 16. Bxb5 Bc5 17. c4 h6 18. Bb2 Qc7 19. Bc3 Rfc8 20. h3 Be6 21. Qb2 Bd6 22. Rad1 Rd8 23. Qa1 Nd7 24. Nf1 Nc5 25. Qb1 f6 26. Ne3 Nf4 27. Nd5 Bxd5 28. exd5 Qf7 29. Nd2 Qh5 30. Ne4 Qg6 31. Ng3 e4 32. Bd2 Nfd3 33. Rxe4 Bxg3 34. Rg4 Bxf2+ 35. Kf1 Qh5 36. Qa1 Qf5 37. Bf4 h5 38. Rxd3 Nxd3 0-1

[Event "Temuco Covid Season 2nd"]
[Site "Temuco"]
[Date "2021.11.12"]
[Round "1"]
[White "Bucher Kees, Paul"]
[Black "Lagos Inostroza, Andres Ignacio"]
[Result "0-1"]
[WhiteElo "1249"]
[BlackElo "1636"]
[PlyCount "64"]
[EventDate "2021.11.12"]
[EventType "tourn"]
[EventRounds "9"]
[EventCountry "CHI"]
[SourceTitle "EXT 2023"]
[Source "ChessBase"]
[SourceDate "2022.10.05"]
[SourceVersion "1"]
[SourceVersionDate "2022.10.05"]
[SourceQuality "1"]

1. f4 d5 2. Nf3 Bg4 3. e3 e6 4. Be2 h5 5. d3 Bxf3 6. Bxf3 Nc6 7. 0-0 a6 8. Qe2 Nf6 9. Nc3 h4 10. b3 Bc5 11. d4 Nxd4 12. Qf2 Nf5 13. Ne2 Qd6 14. Nd4 Bxd4 15. exd4 Qb6 16. Rd1 Nd6 17. Qe1 Nfe4 18. c3 f5 19. Be3 Qc6 20. c4 0-0-0 21. Rac1 Rdg8 22. cxd5 Qd7 23. Rxc7+ Kxc7 24. Qa5+ Kb8 25. dxe6 Qb5 26. Qa3 Qd5 27. Be2 Nc3 28. Bf3 Nde4 29. Rc1 Rc8 30. Rxc3 Rxc3 31. e7 Rxe3 32. Bxe4 Qxe4 0-1